[Event "2nd Sharjah Masters 2018"]
[Site "Sharjah"]
[Date "2018.04.13"]
[Round "2"]
[White "Grivas, Efstratios"]
[Black "Wang, Hao"]
[Result "0-1"]
[WhiteElo "2468"]
[BlackElo "2707"]
[Annotator "TA"]
[PlyCount "86"]
[EventDate "2018.??.??"]
[EventType "swiss"]
[EventCountry "UAE"]
[SourceTitle "playchess.com"]
[Source "ChessBase"]
[SourceQuality "1"]

{[%evp 24,86,11,13,21,0,0,0,-7,-20,-19,-22,15,16,11,16,20,0,0,0,0,0,0,-53,-50,-67,-65,-45,-31,-83,-43,-101,-102,-107,-128,-114,-29,-31,19,-111,-112,-116,-129,-249,-259,-267,-235,-239,-91,-414,-425,-386,-423,-408,-409,-407,-400,-5097,-5060,-5043,-5023,-4960,-4919,-2103,-1730]} 1. c4 e5 2. g3 Nf6 3. Bg2 d5 4. cxd5 Nxd5 5. Nc3 Nb6 6. Nf3 Nc6 7. O-O Be7 8. b3 O-O 9. Bb2 Re8 10. Rc1 Bf8 11. d3 {A29: English Opening: Four Knights Variation with 4 g3} Nd4 (11... Bg4 12. h3 Bh5 13. Ne4 Rb8 14. Nc5 Bxc5 15. Rxc5 f6 16. a3 Qd7 17. b4 Bf7 18. Qc2 Rbc8 19. Rc1 a6 20. Nd2 Nd5 {1-0 (52) Eljanov,P (2711)-Ganguly,S (2650) Riadh 2017}) 12. Nd2 c6 13. e3 {LiveBook: 9 Games. The position is equal.} Nf5 14. Nc4 f6 15. Qe2 $146 ({Find the theoretical novelty and annotate with similar games:} 15. Ne4 Be6 16. Qc2 Qc7 17. Rfd1 {½-½ (54) Savitskaya,N (1946)-Sazonova,A (1752) Khanty-Mansiysk 2009}) 15... Be6 16. Ne4 Nd5 17. a3 a5 18. Rfd1 Rc8 19. Qe1 b6 {[%cal Bb7b6,Bb6b5][%mdl 32]} 20. d4 exd4 21. Bxd4 Nxd4 22. Rxd4 Qc7 23. Nc3 (23. Rdd1 $11) 23... b5 {Threatens to win with ...Nxc3.} 24. Nd2 {[%cal Rc3d5]} Nxc3 25. Rxc3 c5 26. Rdd3 (26. Bd5 $15) 26... Red8 27. Qe2 (27. Qb1 $15) 27... Rxd3 $1 $17 28. Qxd3 Rd8 $1 {[%cal Rd8d3]} 29. Qe2 a4 (29... Qd7 $17 30. Rc2 Be7) 30. bxa4 $11 Qe5 31. Rc2 {[#]} (31. Rd3 $11 Rxd3 32. Qxd3) 31... b4 $1 $36 {[%cal Rb4b3][%mdl 2048] Black has strong initiative.} ({Much weaker is} 31... bxa4 $6 32. Qf1 $11) 32. axb4 cxb4 33. f4 (33. Rc6 $17 {is a better defense.}) 33... Qa1+ $19 34. Kf2 Qxa4 35. Rc6 {[#]} Qa2 (35... Bf7 $1 $19 {Strongly threatening ...b3.} 36. Bf3 b3) 36. Ne4 $2 {[%mdl 8192]} (36. Nf1 $17) 36... Qxe2+ 37. Kxe2 Bd5 38. Nxf6+ gxf6 39. Bxd5+ Rxd5 40. Rxf6 {KRB-KR} (40. Rb6 $142) 40... Rb5 {Black is clearly winning.} 41. Ra6 b3 {[%cal Bb4b3,Bb3b2][%mdl 32] ( -> ...b2)} 42. Ra1 b2 43. Rb1 Ba3 {Precision: White = 19%, Black = 59%.} 0-1

[Event "2nd Sharjah Masters 2018"]
[Site "Sharjah"]
[Date "2018.04.13"]
[Round "2"]
[White "Chakravarthi Reddy, M."]
[Black "Artemiev, Vladislav"]
[Result "0-1"]
[WhiteElo "2442"]
[BlackElo "2701"]
[Annotator "TA"]
[PlyCount "70"]
[EventDate "2018.??.??"]
[EventType "swiss"]
[EventCountry "UAE"]
[SourceTitle "playchess.com"]
[Source "ChessBase"]
[SourceQuality "1"]

{[%evp 22,70,18,-10,-6,-36,-16,-28,-19,-18,-12,-19,-19,-23,-18,-47,-34,-35,-29,-96,-43,-59,-79,-81,-83,-83,-88,-256,-239,-245,-107,-97,-106,-101,-106,-102,-73,-112,-109,-108,-104,-94,-84,-120,-125,-159,-124,-221,-220,-617,-615]} 1. d4 Nf6 2. c4 g6 3. g3 Bg7 4. Bg2 d5 5. cxd5 Nxd5 6. Nf3 Nb6 7. O-O Nc6 8. e3 O-O 9. Nc3 Re8 10. Qe2 {D76: Fianchetto Grünfeld: Main Line with 7...Nb6} (10. a3 e5 11. d5 Na5 12. Qc2 c6 13. b4 Nac4 14. dxc6 bxc6 15. Rd1 Bf5 16. e4 Bd7 17. Na4 Nxa4 18. Qxc4 {½-½ (50) Le,Q (2737)-Ivanchuk,V (2726) Huaian 2017}) 10... e5 11. dxe5 Nxe5 12. Rd1 {LiveBook: 3 Games. The position is equal.} Nxf3+ 13. Bxf3 Qe7 14. Bd2 c6 15. Rac1 Be6 16. Be1 $146 ({Predecessor:} 16. b3 a5 17. e4 a4 {½-½ (48) Prundeanu,H (2096)-Ionescu,D (2343) Calimanesti 2014}) 16... a5 17. e4 f5 18. b3 fxe4 19. Bxe4 Qf7 20. Bd2 (20. Qe3 $11 {remains equal.} Nd7 21. f3) 20... a4 ({Black should play} 20... Bf5 $17 {aiming for ...Bxc3.} 21. f3 a4) 21. Be3 axb3 22. Bxb6 {[#] And now axb3 would win.} bxa2 23. Qb2 Qe7 24. Re1 $2 (24. Bd4 $17) 24... Bf7 $19 25. f3 {[#]} Qa3 (25... Ra3 $1 $19 {is more deadly.} 26. Bf2 Qf8) 26. Qxa3 $17 Rxa3 27. Nxa2 Rxa2 28. Rb1 Rd2 29. Red1 Rxd1+ 30. Rxd1 Be6 31. Kf2 Ra8 32. Ke3 Kf7 33. Kf4 Ra4 34. Rd8 (34. Ke3 $17 {was worth a try.}) 34... Rb4 $19 35. Bc5 $2 (35. Bg1) 35... Rb5 {Precision: White = 38%, Black = 75%.} 0-1

[Event "2nd Sharjah Masters 2018"]
[Site "Sharjah"]
[Date "2018.04.13"]
[Round "2"]
[White "Viani Antonio Dcunha"]
[Black "Inarkiev, Ernesto"]
[Result "1/2-1/2"]
[WhiteElo "2435"]
[BlackElo "2680"]
[Annotator "TA"]
[PlyCount "247"]
[EventDate "2018.??.??"]
[EventType "swiss"]
[EventCountry "UAE"]
[SourceTitle "playchess.com"]
[Source "ChessBase"]
[SourceQuality "1"]

{[%evp 13,247,6,12,7,24,22,15,9,27,2,31,18,26,-13,-20,-15,-22,-15,-12,-12,0,-18,0,0,0,0,-2,-12,0,-4,0,-14,-9,-20,36,-105,-116,-112,-82,-85,-86,-95,-85,-87,-91,-91,-74,-125,-131,-172,-179,-166,-162,-164,-151,-164,-167,-185,-73,-79,-76,-87,-62,-62,-53,-54,-49,-72,-64,-70,-52,-66,-35,-42,-29,-29,-29,-29,-29,-29,-29,-29,-28,-29,-29,-29,-29,-39,-38,-33,-20,-20,-20,-20,-20,-22,-27,-36,-29,-93,-29,-29,-29,-33,-35,-80,-44,-72,-29,-86,-37,-85,0,0,316,0,0,0,269,0,0,0,0,0,0,0,0,0,0,0,0,0,0,0,0,0,0,0,0,0,0,0,0,0,0,0,0,0,0,0,0,0,0,0,0,0,0,0,0,0,0,0,0,0,0,0,0,0,0,0,0,0,0,0,0,0,0,0,0,0,0,0,0,0,0,0,0,0,0,0,0,0,0,0,0,0,0,0,0,0,0,0,0,0,0,0,0,0,0,0,0,0,0,0,0,0,0,0,0,0,0,0,0,0,0,0,0,0,0,0,0,0,0,0,0,0]} 1. e4 e5 2. Nf3 Nc6 3. Bc4 Nf6 4. d3 Bc5 5. O-O h6 6. c3 d6 7. Nbd2 a5 {LiveBook: 6 Games. C54: Giuoco Piano: 4 c3 Nf6, main lines with 5 d4 and 5 d3} 8. h3 Ba7 9. Re1 O-O 10. Bb3 $146 ({Predecessor:} 10. Nf1 Be6 11. Ng3 Bxc4 12. dxc4 Ne7 13. Nh2 Qd7 14. Qf3 {1-0 (61) Karjakin,S (2785)-Andreikin,D (2736) Wijk aan Zee 2017}) 10... Nh5 11. Nc4 Qf6 12. Ne3 Nf4 13. Nd5 Nxd5 14. exd5 Ne7 15. d4 exd4 16. Nxd4 a4 17. Bc4 c6 18. dxc6 bxc6 19. Be3 d5 $36 {[%mdl 2048] White is under pressure.} 20. Bf1 Bb8 21. Nf3 Qd6 22. g3 Nf5 {[%cal Be7f5,Bf5g3,Bg3f1][%mdl 32]} 23. Bf4 Qc5 (23... Qf6 $11) 24. Qd2 (24. Ne5 $1 $14 {was forced to keep a grip.}) 24... Nxg3 $1 $17 25. Be3 Nxf1 (25... d4 {keeps more tension.} 26. fxg3 dxe3 27. Qxe3 Qxe3+ 28. Rxe3 Bxg3 29. Nd4 Bd6) 26. Bxc5 Nxd2 27. Nxd2 Bxh3 {White must now prevent ...Rc8.} 28. Bxf8 Kxf8 29. Nf3 Bf4 30. Ne5 ({White should try} 30. Rad1) 30... a3 31. bxa3 Bd2 $1 (31... Rxa3 32. Nxc6 Ra6 33. Ne5 $15) 32. Re2 Bxc3 33. Rc1 d4 ({Don't do} 33... Rxa3 34. Re3 $15) 34. Nxc6 Rxa3 35. Re4 d3 ({But not} 35... Rxa2 36. Nxd4 Ra1 37. Rxa1 $15) (35... Bf5 $1 $19 {[%cal Rf5e4] is more deadly.} 36. Re5 g6) 36. Rd1 Bf6 $1 37. Rb4 {White threatens Rb8+ and mate.} g5 (37... g6 {is interesting.} 38. Rb3 Rxa2 39. Rbxd3 Bf5 40. R3d2 Ra4) 38. Rb3 Rxa2 {Hoping for ...Bd7.} 39. Rbxd3 Bg4 40. Re1 Kg7 41. Nb4 Ra4 42. Nd5 Bb2 43. Rb3 Bd4 44. Rb4 $1 {[%cal Rb4a4]} Rxb4 45. Nxb4 $11 {[%mdl 4096] Endgame KRN-KB} Bf3 46. Nc2 Bf6 47. Ne3 Kg6 48. Nc4 Bd5 49. Nb6 Be6 50. Rd1 h5 51. Nd7 Be7 52. Ne5+ Kf6 53. Nc6 Bc5 54. Rc1 Bd6 55. Nd4 Bd5 {...h4 is the strong threat.} 56. Rd1 (56. Ra1 $11) 56... Ke5 (56... Be5 $1 $17 {Strongly threatening ...h4.} 57. Nc2 Be4) 57. Nb5 {Threatens to win with Re1+.} Bc5 58. Rc1 Bb4 59. Nc3 Bf3 60. Re1+ Kf4 61. Re3 (61. Ne2+ $11 {remains equal.} Ke5 62. Rb1) 61... h4 {aiming for ...Bc5.} 62. Ne2+ Kg4 (62... Bxe2 $1 $17 63. Rxe2 Bc5) 63. Nd4 Bd5 $2 {[%mdl 8192] [#]} (63... Bd1 $11 {and Black has nothing to worry.}) 64. Re5 $2 (64. Nc2 $1 $18) 64... Ba8 65. Re8 Bd5 $2 {[%mdl 8192] [#]} (65... Bf3 $1 $11 {and Black is okay.}) 66. Re5 $2 (66. Nc2 $1 $18) 66... Bc4 {The position is equal.} 67. Re4+ Kh5 68. Nf5 Bd3 {[#]} 69. Ng3+ $1 {[%mdl 512]} hxg3 70. Rxb4 gxf2+ 71. Kxf2 {KR-KB} f5 {[%cal Bf7f5,Bf5f4][%mdl 32]} 72. Ra4 Be4 73. Kg3 f4+ 74. Kf2 Bf5 75. Kf3 Bg4+ 76. Kg2 Bd7 77. Rc4 $1 Kg4 78. Rc5 Be6 79. Kf2 Kh4 80. Re5 Bf7 81. Re4 Kg4 82. Re5 Bg6 83. Rc5 Kh4 84. Rc4 $1 Bf7 85. Ra4 Be6 86. Rb4 Bd5 87. Rd4 Bc6 88. Rc4 $1 {[%cal Rc4c6]} Be8 89. Kf3 Bh5+ 90. Kf2 Kg4 91. Rc5 Bf7 92. Ra5 Kh5 93. Rb5 Be6 94. Ra5 Kg6 95. Kf3 Bb3 96. Ra1 Bc4 97. Rc1 Bb5 98. Rc5 Ba4 99. Rc1 Kf6 100. Kg4 Bb5 101. Rc2 $1 Bd7+ 102. Kf3 Ba4 103. Rc1 Bb3 104. Ra1 Kf5 105. Ra5+ Kg6 106. Ra1 Bd5+ 107. Kg4 Bc4 108. Kf3 Kf6 109. Ra5 Bb3 110. Ra6+ Kf5 111. Ra5+ Kg6 112. Ra1 Bd5+ 113. Kg4 Bc4 114. Kf3 Kf6 115. Ra5 Bb3 116. Ra6+ Kf5 117. Ra5+ Kg6 118. Ra1 Bc4 119. Ra4 Bd5+ 120. Kg4 Be6+ 121. Kf3 Kf5 122. Ra5+ Kf6 123. Ke4 Bc8 124. Rb5 {Precision: White = 75%, Black = 61%.} 1/2-1/2

[Event "2nd Sharjah Masters 2018"]
[Site "Sharjah"]
[Date "2018.04.13"]
[Round "2"]
[White "Sindarov, Javokhir"]
[Black "Jones, Gawain C B"]
[Result "1/2-1/2"]
[WhiteElo "2431"]
[BlackElo "2675"]
[Annotator "TA"]
[PlyCount "244"]
[EventDate "2018.??.??"]
[EventType "swiss"]
[EventCountry "UAE"]
[SourceTitle "playchess.com"]
[Source "ChessBase"]
[SourceQuality "1"]

{[%evp 19,244,-16,-10,-17,-16,-16,-18,0,-5,-4,12,-29,-12,-1,0,0,49,37,26,9,26,15,10,0,6,3,43,33,69,45,42,37,55,0,0,-8,-9,0,-7,-21,-15,-31,-36,-198,-39,-43,-47,-57,-44,-37,-41,-91,-65,-125,-134,-220,-220,-280,-278,-259,-262,-264,-266,-260,-237,-256,-258,-299,-283,-360,-360,-348,0,-231,0,-353,-353,-345,-341,-394,-408,-400,-396,-422,-418,-496,-515,-560,-861,-828,-837,-754,-470,-736,-747,-535,-693,-608,-602,-485,-488,-480,-474,-494,-762,-645,-645,-504,-384,-1363,-1297,-12844,-12843,-12843,-756,-12843,-834,-12840,-12841,-12846,-12847,-12849,-12849,-12851,-29978,-12851,-29979,-29979,-29977,-29977,-29974,-29973,-29973,-29973,-29974,-29974,-29975,-29975,-29976,-29975,-29976,-29975,-12851,-12851,-12851,-12851,-12851,-12851,-12851,-12851,-12851,-12851,-12851,-29955,-12851,-29966,-29966,-29956,-29956,-29963,-29964,-29967,-29963,-29964,-29970,-29976,-29977,-29977,-29978,-29978,-29979,-29979,-29978,-29978,-29977,-29977,-29978,-29978,-29975,-29977,-29975,-29975,-29976,-29976,-12851,-29974,-12851,-29973,-12851,-29974,-12851,-12851,-12851,-12851,-39,-39,-39,-39,-39,-39,-39,-39,-31,-31,-29,-37,-36,-45,-45,-45,-41,-43,-38,-39,-37,-37,-34,-37,-37,-48,-48,-48,-48,-48,-48,-48,-48]} 1. e4 c5 2. Nc3 Nc6 3. g3 g6 4. Bg2 Bg7 5. d3 Rb8 6. Be3 d6 7. Nge2 b5 8. Qd2 Nd4 9. O-O b4 10. Nd1 h5 {LiveBook: 14 Games. B26: Closed Sicilian: 3 g3, lines with early Be3} (10... Nxe2+ 11. Qxe2 Nf6 12. a3 b3 13. c4 O-O 14. Bd2 e6 15. Bc3 Bb7 16. Ne3 Re8 17. Qd2 d5 18. e5 Nd7 19. Ba5 {0-1 (45) Li,R (2565)-Belous,V (2581) Philadelphia 2017}) 11. c3 bxc3 12. bxc3 Nxe2+ {The position is equal.} 13. Qxe2 h4 14. Rc1 $146 ({Predecessor:} 14. Bf4 Nf6 15. e5 Nh5 16. Be3 dxe5 17. Bxc5 Ba6 18. Re1 Bxd3 {½-½ (35) Harm,J (2427)-Weber,J (2402) ICCF email 2008}) 14... Qa5 15. c4 Nf6 16. Bd2 Qa6 (16... Qxa2 17. Nc3 $14) 17. Bc3 e5 18. Ne3 Qa3 19. Ba1 Be6 20. Rc3 Qa4 21. Qc2 (21. Re1 {keeps more tension.} hxg3 22. hxg3 O-O 23. f4 exf4 24. gxf4 Nh5 25. f5) 21... Qxc2 22. Nxc2 Nh5 23. Ra3 O-O 24. Bc3 f5 25. exf5 gxf5 26. Bh3 (26. gxh4 Nf4 $15) (26. Bf3 $14 Nf6 27. Rxa7) 26... Rf7 $11 27. Ra6 Rb6 28. Rxb6 axb6 29. Ne3 Bh6 30. Rb1 hxg3 31. Rxb6 $2 (31. hxg3 $15 Nxg3 32. Nd5 Ne2+ 33. Kf1 Nxc3 34. Nxc3) 31... Nf4 $2 ({Black should try} 31... gxf2+ $19 32. Kxf2 Bxe3+ 33. Kxe3 f4+ 34. Kf3 Bxh3 35. Rxd6 Rf5) 32. Bf1 $15 gxf2+ 33. Kxf2 Ra7 $36 {[%mdl 2048] Black has some pressure.} 34. Rxd6 Rxa2+ 35. Kf3 Bg7 36. h4 (36. Rc6 $15) 36... Kf7 $17 37. Rc6 {[#]} (37. Be1 $17) 37... Nxd3 $1 $19 {[%mdl 512]} 38. Rc7+ (38. Bxd3 e4+) 38... Kf8 (38... Ke8 39. Nxf5 (39. Rxg7 $2 e4+ 40. Kg3 f4#) 39... Bxf5 40. Bxd3 $15) 39. Bxd3 e4+ 40. Bxe4 fxe4+ 41. Kxe4 Bxc3 42. Rxc5 Rh2 43. Rc6 Bd7 ({Worse is} 43... Rxh4+ 44. Kd3 $11) 44. Rd6 Ke7 ({Weaker is} 44... Rxh4+ 45. Kd3 $11) 45. Rh6 Kf8 46. Rd6 $1 Ke7 ({And not} 46... Rxh4+ 47. Kd3 $11) (46... Be8 $142 47. Nf5 Ba4) 47. Rh6 Bg7 48. Rh5 Bc6+ 49. Kd3 Rh3 50. Kd2 {White hopes to continue with Nf5+.} Kf7 51. Rf5+ Ke8 52. Rh5 Be4 53. Rg5 Rh2+ 54. Ke1 Bc3+ 55. Kf1 Bd3+ 56. Kg1 Re2 57. Nf5 Bd2 58. Nd6+ Kf8 59. Rd5 Be3+ 60. Kh1 Rd2 61. Re5 Bf4 62. Re8+ Kg7 63. c5 {and the idea c6 leaves White hopeful.} Be2 64. Re7+ $2 (64. Kg1 Bf3 65. Re6) 64... Kg6 65. Kg2 Bg4+ 66. Kg1 Bf3 (66... Bh2+ $142 67. Kf1 Bg3 68. h5+ Kh6) 67. Nc4 Rc2 (67... Re2 $142 68. Rxe2 Bxe2) 68. Ne3 Re2 69. h5+ Kxh5 70. Nf5 Rxe7 71. Nxe7 Be3+ 72. Kh2 Bxc5 73. Nf5 Kg5 74. Ng3 Bb6 75. Kh3 Kf4 76. Nf1 Bc6 77. Nh2 Bc7 78. Nf1 Kf3 79. Nh2+ Kf2 80. Ng4+ Kg1 (80... Ke2 $142 81. Kh4 Kf3 82. Kh5 Kf4 83. Nf2 Bb5 84. Kh4 Bd8+ 85. Kh5 Be2+ 86. Kg6 Bb6 87. Nh3+ Kg4 88. Kg7 Kxh3 89. Kf6 Kg3 90. Kf5 Bd3+ 91. Ke5 Kg4 92. Kd5 Kf5 93. Kc6 Be3 94. Kd5 Be2 95. Kd6 Bc4 96. Ke7 Bc5+ 97. Kd7 Bd5 98. Kd8 Bd6 99. Kd7 Bc5 100. Kd8 Ke6 101. Ke8 Bb6 102. Kf8 Kf6 103. Ke8 Bc6+ 104. Kf8 Bd7 105. Kg8 Kg6 106. Kf8 Bc5+ 107. Kg8 Be6+ 108. Kh8 Bd4#) 81. Kh4 Bf4 82. Nf6 Bf3 83. Nh5 Bd2 84. Nf6 Kg2 85. Nh5 Bd1 86. Nf6 Kf3 87. Kh5 Bc2 88. Kh4 Ba5 89. Kh5 Bd8 90. Ng4 Ba4 91. Ne5+ Ke4 92. Ng6 Be8 93. Kh6 Kf5 94. Nf8 Bf6 95. Nh7 Bd4 96. Nf8 Bf2 97. Nh7 Be3+ 98. Kg7 Bg6 99. Nf8 Bh5 100. Nh7 Bc5 101. Nf8 Bd1 102. Nh7 Bc2 103. Nf8 Bd4+ 104. Kh6 Kf6 (104... Ba4 $142 105. Nh7 Be8 106. Nf8 Kf6 107. Nh7+ Kf7 108. Kg5 Kg7 109. Kf4 Kxh7 110. Ke4 Bc3 111. Kd5 Bf7+ 112. Kd6 Kg6 113. Kd7 Bb4 114. Kc7 Kf6 115. Kd7 Bc4 116. Kc8 Ke6 117. Kc7 Bb5 118. Kb6 Ba4 119. Kc7 Ba5+ 120. Kb7 Kd7 121. Ka6 Bc7 122. Ka7 Kc8 123. Ka6 Be8 124. Ka7 Bb5 125. Ka8 Bg3 126. Ka7 Bf2+ 127. Ka8 Bc6#) 105. Nh7+ Kf7 $2 (105... Ke6 $19 106. Ng5+ Kf5) 106. Ng5+ $15 Kg8 $2 (106... Kf6 $19 {( -> ...Be3)} 107. Nh7+ Kf5) 107. Kh5 Bf5 108. Nf3 Bf6 109. Nh4 Bd7 {...Kf7 is the strong threat.} 110. Nf3 Kf7 111. Ng5+ Kg7 112. Nf3 Be7 {Black is slightly better.} 113. Nh4 Kf6 114. Nf3 Bd6 {And now ...Ba4 would win.} 115. Nh4 Bg3 {Strongly threatening ...Bf2.} 116. Nf3 Bf4 {White must now prevent ...Be3.} 117. Nh4 Bc1 {aiming for ...Bd2.} 118. Nf3 Kf5 {Hoping for ...Ke4.} 119. Nh4+ Kf4 120. Kg6 Kg4 121. Ng2 Bd2 122. Kf6 Bc6 {Precision: White = 49%, Black = 57%.} 1/2-1/2

[Event "2nd Sharjah Masters 2018"]
[Site "Sharjah"]
[Date "2018.04.13"]
[Round "2"]
[White "Arjun Kalyan"]
[Black "Song, Yuxin"]
[Result "1/2-1/2"]
[WhiteElo "2397"]
[BlackElo "2075"]
[Annotator "NA"]
[PlyCount "68"]
[EventDate "2018.??.??"]
[EventType "swiss"]
[EventCountry "UAE"]
[SourceTitle "playchess.com"]
[Source "ChessBase"]
[SourceQuality "1"]
[TimeControl "5400+30"]

1. e4 {[%emt 0:00:00]} c5 {[%emt 0:00:11]} 2. Nf3 {[%emt 0:00:00]} d6 {[%emt 0:00:08]} 3. d4 {[%emt 0:00:00]} cxd4 {[%emt 0:00:09]} 4. Nxd4 {[%emt 0:00:00]} Nf6 {[%emt 0:00:10]} 5. Nc3 {[%emt 0:00:00]} a6 {[%emt 0:00:09]} 6. Bg5 {[%emt 0:00:01]} e6 {[%emt 0:00:08]} 7. f4 {[%emt 0:00:06]} h6 {[%emt 0:00:06]} 8. Bh4 {[%emt 0:00:24]} Qb6 {[%emt 0:00:09]} 9. a3 {[%emt 0:00:49]} Be7 {[%emt 0:00:09]} 10. Bf2 {[%emt 0:00:12]} Qc7 {[%emt 0:00:06]} 11. Qf3 {[%emt 0:00:50]} Nbd7 {[%emt 0:00:08]} 12. O-O-O {[%emt 0:00:52]} b5 {[%emt 0:00:08]} 13. g4 {[%emt 0:00:54]} g5 {[%emt 0:00:07]} 14. h4 {[%emt 0:02:32]} gxf4 {[%emt 0:00:10]} 15. Be2 {[%emt 0:00:12]} Ne5 {[%emt 0:00:08]} 16. Qxf4 {[%emt 0:01:16]} Nexg4 {[%emt 0:00:07]} 17. Bxg4 {[%emt 0:00:31]} e5 {[%emt 0:00:06]} 18. Nd5 {[%emt 0:00:45]} Nxd5 {[%emt 0:00:07]} 19. Qf3 {[%emt 0:00:32]} Nf4 {[%emt 0:00:05]} 20. Nf5 {[%emt 0:10:45]} h5 {[%emt 0:04:06]} 21. Bh3 {[%emt 0:01:24]} Nxh3 {[%emt 0:00:36]} 22. Rxh3 {[%emt 0:03:29]} Bxf5 {[%emt 0:00:14]} 23. Qxf5 {[%emt 0:02:54]} Qd7 {[%emt 0:00:31]} 24. Qf3 {[%emt 0:00:54]} Rg8 {[%emt 0:05:21]} 25. Rg3 {[%emt 0:10:02]} Rxg3 {[%emt 0:09:37]} 26. Qxg3 {[%emt 0:00:15]} Qg4 {[%emt 0:00:48]} 27. Qd3 {[%emt 0:03:31]} Rc8 {[%emt 0:10:54]} 28. Rg1 {[%emt 0:05:05]} Qf4+ {[%emt 0:06:06]} 29. Be3 {[%emt 0:00:44]} Qf3 {[%emt 0:08:00]} 30. Kb1 {[%emt 0:25:33]} Rc4 {[%emt 0:02:01]} 31. b3 {[%emt 0:04:27]} Rxe4 {[%emt 0:08:16]} 32. Rg8+ {[%emt 0:00:46]} Kd7 {[%emt 0:00:01]} 33. Qc3 {[%emt 0:00:29]} Qd1+ {[%emt 0:00:02]} 34. Ka2 {[%emt 0:10:05]} Bd8 {[%emt 0:03:09]} 1/2-1/2

[Event "2nd Sharjah Masters 2018"]
[Site "Sharjah"]
[Date "2018.04.13"]
[Round "2"]
[White "Rajdeep Sarkar"]
[Black "Adhiban, B."]
[Result "1/2-1/2"]
[WhiteElo "2393"]
[BlackElo "2661"]
[Annotator "TA"]
[PlyCount "98"]
[EventDate "2018.??.??"]
[EventType "swiss"]
[EventCountry "UAE"]
[SourceTitle "playchess.com"]
[Source "ChessBase"]
[SourceQuality "1"]

{[%evp 18,98,20,6,0,10,8,15,17,-23,-24,-39,-31,-37,-34,-41,-37,-40,-18,-28,-38,-35,-33,-30,-28,-77,-68,-72,0,0,0,0,0,0,0,0,0,0,0,0,0,-27,0,0,0,-27,-27,-27,-16,-27,-27,-27,-14,-14,-25,-32,0,0,0,0,0,-6,0,0,0,0,0,0,0,0,0,0,0,0,0,0,0,0,0,0,0,0,0]} 1. d4 d5 2. Nf3 Nf6 3. g3 c5 4. Bg2 cxd4 5. O-O g6 6. Nxd4 Bg7 7. c4 O-O 8. cxd5 Nxd5 9. Nb5 a6 {D73: Fianchetto Grünfeld: 5 Nf3} (9... Be6 10. Nd4 {½-½ (12) Korobov,A (2664)-Jones,G (2651) Batumi 2018}) 10. N1c3 {LiveBook: 3 Games} ({Don't play} 10. Qxd5 Qxd5 11. Bxd5 axb5 $15) 10... axb5 11. Nxd5 Nc6 12. Bg5 Be6 13. Qd2 $146 ({Predecessor:} 13. e4 Ra4 14. a3 Bxb2 15. Rb1 Bg7 16. Rxb5 Rd4 17. Qb1 {1-0 (43) Bogosavljevic,B (2533)-Djuric,S (2462) Subotica 2008}) 13... Bxd5 14. Bxd5 h6 15. Be3 e6 $36 {[%mdl 2048] Black has some pressure.} 16. Bb3 Qxd2 17. Bxd2 Rfd8 18. Bc3 Bxc3 19. bxc3 Rd2 20. Rfe1 Na5 21. Kf1 Rc8 22. Rec1 Nxb3 (22... Rb2 $17 23. Bc2 Rxc3) 23. axb3 $17 {[%mdl 4096] Endgame KRR-KRR} Rb2 24. b4 Kf8 25. Ra5 Rxb4 $1 26. cxb4 Rxc1+ $11 {KR-KR} 27. Kg2 Rc6 28. Rxb5 b6 29. Re5 Rc4 30. Rb5 Rc6 31. Re5 Ke7 32. Re4 Rc3 33. Rd4 b5 34. f4 f6 35. Kf2 Rb3 36. h4 h5 37. e3 {The position is equal.} Rb2+ 38. Kf3 Rc2 39. Ke4 f5+ 40. Kf3 $1 Rb2 41. e4 Rb3+ 42. Kf2 Rc3 43. e5 Rb3 44. Kg2 Re3 45. Kf2 Rc3 46. Kg2 Rc2+ 47. Kf3 Rc3+ 48. Kg2 Rc2+ 49. Kf3 Rc3+ {Precision: White = 79%, Black = 66%.} 1/2-1/2

[Event "2nd Sharjah Masters 2018"]
[Site "Sharjah"]
[Date "2018.04.13"]
[Round "2"]
[White "Sidhant, Mohapatra"]
[Black "Grandelius, Nils"]
[Result "1/2-1/2"]
[WhiteElo "2382"]
[BlackElo "2652"]
[Annotator "TA"]
[PlyCount "84"]
[EventDate "2018.??.??"]
[EventType "swiss"]
[EventCountry "UAE"]
[SourceTitle "playchess.com"]
[Source "ChessBase"]
[SourceQuality "1"]

{[%evp 27,84,35,49,37,45,0,0,0,0,0,0,0,29,30,37,5,5,7,7,0,0,0,0,-1,45,-29,0,0,-5,-33,-38,-52,-54,-57,-56,-50,-10,-8,-8,-8,0,-70,-70,-77,-78,-77,-77,-77,-77,-79,0,0,0,0,0,0,0,0,0]} 1. e4 e5 2. Nf3 Nc6 3. Bb5 a6 4. Ba4 Nf6 5. O-O Be7 6. Re1 b5 7. Bb3 d6 8. a4 Bg4 9. c3 O-O 10. h3 Bxf3 11. Qxf3 Na5 12. Bc2 b4 {C90: Closed Ruy Lopez with 7...d6: Early deviations} (12... c5 13. axb5 axb5 14. d3 Qd7 15. Nd2 Nc6 16. Rb1 d5 17. exd5 Nxd5 18. Nf1 Kh8 19. Bd2 f5 20. Ra1 Rad8 21. Ra6 Rf6 22. Raa1 h6 23. Qh5 Rdf8 24. Nh2 Rd6 25. Qe2 {½-½ (25) Dominguez Perez,L (2732)-Adams,M (2742) Baku 2015}) 13. d4 c5 14. d5 Nd7 {LiveBook: 3 Games. White is slightly better.} 15. Nd2 Bg5 16. Qg4 $146 ({Predecessor:} 16. b3 Rb8 17. c4 g6 18. Qe2 Bh6 19. Bb2 Nf6 20. Nf1 {½-½ (53) Cesetti,C (2479)-Iotov,V (2498) ICCF email 2006}) 16... Rb8 17. Bd3 bxc3 18. bxc3 Bxd2 19. Bxd2 Nf6 20. Qe2 Nb3 $1 {[%cal Rb3a1]} 21. Ra2 (21. Rab1 {seems wilder.} Nxd2 22. Rxb8 Qxb8 23. Qxd2 Qb6 24. Qa2) 21... Nxd2 22. Rxd2 Qa5 23. Bxa6 Nxe4 24. Qxe4 {aiming for Qc4.} Qxa6 25. f4 exf4 26. Rf2 (26. Qxf4 $14 Rfe8 27. Rxe8+ Rxe8 28. Kh2) 26... Qa8 {...Rfe8 is the strong threat.} 27. Qxf4 Qxd5 28. Rd2 Qb3 29. Re3 d5 {[%cal Bd6d5,Bd5d4][%mdl 32]} 30. Qe5 Rbd8 31. a5 d4 32. Rg3 {[%csl Gg3][%cal Re5g7]} g6 {White must now prevent ...Rd5.} 33. Qxc5 Qb8 34. Kh2 (34. Rgd3 $11) 34... dxc3 $15 35. Qxc3 Rxd2 36. Qxd2 {[%mdl 4096] Endgame KQR-KQR} h5 37. Qd4 {[#]} Re8 $1 38. a6 {[#]} Re7 ({Black should play} 38... Rd8 $1 $17 {[%cal Rd8d4]} 39. Qe4 Rd1) 39. Kg1 $36 {[%mdl 2048] The position is equal. White has some pressure.} Qb1+ 40. Kh2 Qb8 41. Kg1 Qb1+ 42. Kh2 Qb8 {Precision: White = 57%, Black = 68%.} 1/2-1/2